| 000 | 00618nam a2200193Ia 4500 | ||
|---|---|---|---|
| 001 | 4967 | ||
| 003 | GE_BSU | ||
| 008 | 181216s||||||||xx |||||||||||||| ||und|| | ||
| 040 | _cGE_BSU | ||
| 080 | _a514.11(075.8) | ||
| 100 | _aАргунов Б.И. Балк М.Б. | ||
| 245 | _aГеометрические построения на плоскости. | ||
| 245 | _bпособие для студ. педагог. ин-тов. Изд. 2-ОЕ | ||
| 260 | _aМосква | ||
| 260 | _c1957 | ||
| 300 | _a265 с. | ||
| 653 | _aГеометрические построения на плоскости. | ||
| 942 | _cBK | ||
| 999 |
_c38703 _d38703 |
||